[Event "12th open"]
[Site "Kavala"]
[Date "2003.08.15"]
[Round "9"]
[White "Kotronias, Vasilios"]
[Black "Zagrebelny, Sergey"]
[Result "1/2-1/2"]
[WhiteElo "2602"]
[BlackElo "2540"]
[PlyCount "119"]
[EventDate "2003.08.08"]
[Source "Roberto Alvarez"]
[SourceDate "2003.08.18"]

1. e4 c5 2. Nf3 d6 3. d4 cxd4 4. Nxd4 Nf6 5. Nc3 a6 6. Bg5 e6 7. f4 Qb6 8. Nb3 Nbd7 9. Qf3 Qc7 10. Bd3 b5 11. a4 b4 12. Nb1 Bb7 13. N1d2 Be7 14. O-O-O h6 15. Bh4 Rc8 16. Kb1 Nb6 17. a5 Na4 18. f5 e5 19. g4 d5 20. Bxf6 dxe4 21. Nxe4 gxf6 22. h4 Rg8 23. g5 fxg5 24. f6 Bf8 25. Rhe1 gxh4 26. Qf5 Rd8 27. Nec5 Bxc5 28. Rxe5+ Kf8 29. Nxc5 Nxc5 30. Rxc5 Bc8 31. Qh5 Qf4 32. Rf1 Qe3 33. Rc7 Be6 34. Bc4 Bxc4 35. Rxc4 Rg1 36. Rxg1 Qxg1+ 37. Ka2 Qg5 38. Rxh4 Rd5 39. Qxg5 Rxg5 40. Rxh6 Ke8 41. Kb3 Rxa5 42. Kxb4 Rb5+ 43. Kc3 Kd7 44. b4 a5 45. bxa5 Ke6 46. a6 Rb6 47. Kd4 Rxa6 48. c4 Ra5 49. Rh8 Kxf6 50. Re8 Ra7 51. c5 Rd7+ 52. Kc4 Re7 53. Rd8 Kg5 54. c6 f5 55. Kd5 f4 56. Kd6 Ra7 57. c7 Rxc7 58. Kxc7 f3 59. Kd6 Kf4 60. Rf8+ 1/2-1/2

[Event "Isle of Man op"]
[Site "Isle of Man"]
[Date "1997.??.??"]
[Round "9"]
[White "Liss, Eran"]
[Black "Lalic, Bogdan"]
[Result "1-0"]
[WhiteElo "2540"]
[BlackElo "2600"]
[PlyCount "141"]
[EventDate "1997.10.??"]
[Source "www.chesslib.no"]
[SourceDate "2004.05.04"]

1. e4 c5 2. Nf3 d6 3. d4 cxd4 4. Nxd4 Nf6 5. Nc3 a6 6. Bg5 e6 7. f4 Qb6 8. Nb3 Nbd7 9. Qf3 Be7 10. O-O-O Qc7 11. Bd3 b5 12. a3 Bb7 13. Qe2 h6 14. Bh4 g5 15. fxg5 Nh7 16. Bg3 hxg5 17. Bxb5 axb5 18. Nxb5 Qc6 19. Nxd6+ Bxd6 20. Rxd6 Qxe4 21. Qb5 Nhf6 22. Re1 Qxg2 23. Nc5 Rc8 24. Qxb7 Qxb7 25. Nxb7 O-O 26. Rd4 Rc6 27. c4 Ra8 28. Nd6 Kg7 29. Nb5 Ra5 30. Kb1 Rxc4 31. Rxc4 Rxb5 32. Rc7 Nc5 33. Be5 Nd3 34. Bxf6+ Kxf6 35. Rf1+ Kg6 36. Kc2 Nf4 37. b4 Re5 38. Rf2 f5 39. a4 Nd5 40. Rb7 Re4 41. Kb3 Re3+ 42. Kc4 Ra3 43. a5 f4 44. Rd7 f3 45. Kb5 Nf6 46. Re7 Kf5 47. a6 g4 48. a7 Ne4 49. Rc2 f2 50. Rxf2+ Nxf2 51. Kb6 Nd3 52. b5 Nb2 53. Kb7 Nc4 54. Kb8 Nd6 55. b6 Rh3 56. Kc7 Nb5+ 57. Kb7 Nxa7 58. bxa7 Rb3+ 59. Kc8 Ra3 60. Kb8 g3 61. hxg3 Rb3+ 62. Rb7 Rxg3 63. a8=Q Rg8+ 64. Ka7 Rxa8+ 65. Kxa8 e5 66. Ka7 Ke4 67. Kb6 Kd4 68. Kb5 e4 69. Kb4 Kd3 70. Kb3 e3 71. Rd7+ 1-0

[Event "Hannover"]
[Site "Hannover"]
[Date "1983.??.??"]
[Round "13"]
[White "Qi Jingxuan"]
[Black "Karpov, Anatoly"]
[Result "0-1"]
[WhiteElo "2430"]
[BlackElo "2710"]
[PlyCount "88"]
[EventDate "1983.08.??"]
[Source "ChessBase"]

1. e4 c5 2. Nf3 d6 3. d4 cxd4 4. Nxd4 Nf6 5. Nc3 a6 6. Bg5 e6 7. f4 Qb6 8. Qd2 Qxb2 9. Nb3 Qa3 10. Bxf6 gxf6 11. Be2 h5 12. O-O Nc6 13. Kh1 Bd7 14. Nb1 Qb4 15. Qe3 Ne7 16. c4 f5 17. a3 Qa4 18. Nc3 Qc6 19. Nd4 Qc5 20. exf5 Bg7 21. fxe6 fxe6 22. Rad1 Bxd4 23. Qxd4 Qxd4 24. Rxd4 Nf5 25. Rd2 Rc8 26. Rf3 Ke7 27. Kg1 h4 28. Bd3 Rc5 29. Bxf5 Rxf5 30. Rfd3 Rxf4 31. Rxd6 Bc6 32. c5 Rhf8 33. h3 Rf1+ 34. Kh2 Rc1 35. R6d3 Rff1 36. Nd1 e5 37. Nf2 Rg1 38. Nd1 Re1 39. Rd6 e4 40. R2d4 a5 41. Nf2 e3 42. Rxh4 exf2 43. Rh7+ Ke8 44. Rh8+ Kf7 0-1

[Event "JUG Ch"]
[Site "Novi Sad YUG"]
[Date "1975.??.??"]
[Round "?"]
[White "Velimirovic, Dragoljub"]
[Black "Ljubojevic, Ljubomir"]
[Result "1-0"]
[WhiteElo "2525"]
[BlackElo "2615"]
[PlyCount "131"]
[EventDate "1975.??.??"]
[Source "www.chesslib.no"]
[SourceDate "2004.05.04"]

1. e4 c5 2. Nf3 d6 3. d4 Nf6 4. Nc3 cxd4 5. Nxd4 a6 6. Bg5 Nbd7 7. f4 Qb6 8. Qd2 e6 9. O-O-O Be7 10. Bc4 h6 11. h4 Nc5 12. Bxf6 Bxf6 13. g4 Bd7 14. Kb1 O-O-O 15. Bb3 Kb8 16. h5 Rhg8 17. Rhe1 g6 18. e5 dxe5 19. fxe5 Bh4 20. Rf1 Bg5 21. Qe2 gxh5 22. gxh5 Be8 23. Nf3 Rxd1+ 24. Rxd1 Bc6 25. Nd4 Bf4 26. Qf2 Bxe5 27. Qxf7 Rg7 28. Qf2 Nxb3 29. Nxc6+ Qxc6 30. axb3 Rc7 31. Qf8+ Rc8 32. Qxh6 Bxc3 33. bxc3 Qxc3 34. Qd2 Qh3 35. Qg5 Ka7 36. Qg1+ Ka8 37. Qh1 Qf5 38. Rd3 e5 39. Qh3 Qf8 40. h6 e4 41. Rd2 Qh8 42. Rd7 Rg8 43. Qh1 Qe5 44. h7 Rh8 45. Qh4 Ka7 46. Qe7 Qxe7 47. Rxe7 a5 48. Kc1 Ka6 49. c4 e3 50. Kc2 b5 51. cxb5+ Kxb5 52. Kd3 Rd8+ 53. Kxe3 Kb4 54. Rg7 Rh8 55. Rb7+ Kc3 56. Ke4 Rf8 57. Rg7 Rh8 58. Rg3+ Kb4 59. Rh3 Ka3 60. Kf5 Kb4 61. Kg6 Rc8 62. Rf3 Rb8 63. Kg7 Rb7+ 64. Rf7 Rb8 65. h8=Q Rxh8 66. Rb7+ 1-0

[Event "Ano Liosia op"]
[Site "Ano Liosia"]
[Date "2000.12.30"]
[Round "4"]
[White "Vouldis, Angelos"]
[Black "Shipov, Sergei"]
[Result "1/2-1/2"]
[WhiteElo "2497"]
[BlackElo "2640"]
[PlyCount "77"]
[EventDate "2000.12.27"]
[Source "ChessBase"]
[SourceDate "2001.01.11"]

1. e4 c5 2. Nf3 d6 3. d4 cxd4 4. Nxd4 Nf6 5. Nc3 a6 6. Bg5 e6 7. f4 Qb6 8. Qd2 Qxb2 9. Nb3 Qa3 10. Bxf6 gxf6 11. Be2 Nc6 12. O-O Bd7 13. Nd1 Be7 14. Ne3 b5 15. Bh5 Qb4 16. c3 Qxe4 17. f5 e5 18. Nd5 Bd8 19. Rad1 Qh4 20. Nc5 Ra7 21. Ne6 Bxe6 22. fxe6 Qxh5 23. Nxf6+ Bxf6 24. Qxd6 Qg5 25. Qxc6+ Kf8 26. Rd3 e4 27. Rd5 Qe3+ 28. Kh1 Qxc3 29. Rc5 Qb2 30. Rcf5 Rg8 31. R5f2 Qc3 32. Qd6+ Kg7 33. Rxf6 fxe6 34. Qxe6 Kh8 35. Qxe4 Rag7 36. R6f2 Rg4 37. Qd5 R4g5 38. Qe4 Rg4 39. Qd5 1/2-1/2

[Event "Najdorf"]
[Site "Buenos Aires"]
[Date "1997.??.??"]
[Round "2"]
[White "Campora, Daniel Hugo"]
[Black "Morovic Fernandez, Ivan"]
[Result "0-1"]
[WhiteElo "2555"]
[BlackElo "2580"]
[PlyCount "68"]
[EventDate "1997.05.19"]
[Source "ChessBase"]
[SourceDate "1997.10.13"]

1. e4 c5 2. Nf3 d6 3. d4 cxd4 4. Nxd4 Nf6 5. Nc3 a6 6. Bg5 e6 7. f4 Qb6 8. Nb3 Be7 9. Qf3 Nbd7 10. O-O-O Qc7 11. Bd3 b5 12. a3 Rb8 13. Rhe1 b4 14. axb4 Rxb4 15. Qe2 h6 16. h4 hxg5 17. hxg5 Nc5 18. gxf6 gxf6 19. Nxc5 dxc5 20. Bxa6 Qxf4+ 21. Kb1 Bxa6 22. Qxa6 O-O 23. Rd7 Rfb8 24. Nd1 Bf8 25. Rf1 Qxe4 26. Qd3 Qxd3 27. Rxd3 f5 28. c3 Rg4 29. Rf2 Be7 30. Kc2 Bg5 31. b3 Kg7 32. Ne3 Re4 33. Nc4 Ra8 34. Rd1 Rxc4 0-1

[Event "1st League TCh-SCG"]
[Site "Budva"]
[Date "2003.09.05"]
[Round "7"]
[White "Nataf, Igor Alexandre"]
[Black "Istratescu, Andrei"]
[Result "1-0"]
[WhiteElo "2549"]
[BlackElo "2586"]
[PlyCount "93"]
[EventDate "2003.08.29"]
[Source "Roberto Alvarez"]
[SourceDate "2003.10.27"]

1. e4 c5 2. Nf3 d6 3. d4 cxd4 4. Nxd4 Nf6 5. Nc3 a6 6. Bg5 e6 7. f4 Qb6 8. Nb3 Nbd7 9. Qf3 Qc7 10. a4 b6 11. Bd3 h6 12. Bh4 Bb7 13. O-O g6 14. Qe2 Bg7 15. e5 dxe5 16. fxe5 Nh7 17. Bxg6 fxg6 18. Qg4 Nhf8 19. Nd4 Qxe5 20. Rad1 Nf6 21. Qh3 O-O-O 22. Rfe1 Qc5 23. Bf2 Qh5 24. Nxe6 Nxe6 25. Qxe6+ Rd7 26. Qxb6 Re8 27. Rxe8+ Nxe8 28. Rxd7 Kxd7 29. Qxb7+ Nc7 30. Qb3 Be5 31. Qf7+ Kc8 32. Bg3 Bxg3 33. Qf8+ Kb7 34. Qb4+ Kc8 35. hxg3 Qg5 36. Qf4 Qc5+ 37. Kh2 g5 38. Qf7 Kb7 39. Qh7 g4 40. Qe4+ Kb8 41. Qxg4 Qc6 42. Qe4 Qd6 43. b4 h5 44. Qf4 Qc6 45. b5 Qxc3 46. b6 Kb7 47. Qxc7+ 1-0

[Event "Goeteborg SWE, Men Ch 2005"]
[Site "?"]
[Date "2005.07.08"]
[Round "7"]
[White "Berg Emanuel"]
[Black "Agrest Evgenij"]
[Result "1/2-1/2"]
[WhiteElo "2539"]
[BlackElo "2592"]
[PlyCount "134"]
[EventDate "2005.??.??"]
[Source "www.chesslib.no"]
[SourceDate "2004.05.04"]

1. e4 c5 2. Nf3 d6 3. d4 Nf6 4. Nc3 cxd4 5. Nxd4 a6 6. Bg5 e6 7. f4 Qb6 8. Qd2 Nc6 9. O-O-O Qxd4 10. Qxd4 Nxd4 11. Rxd4 Be7 12. Na4 Nd7 13. Bxe7 Kxe7 14. Be2 Rb8 15. Rhd1 b5 16. Nc3 Rb6 17. a4 bxa4 18. Nxa4 Rc6 19. b4 Nf6 20. c4 e5 21. fxe5 dxe5 22. Rd5 Be6 23. Rxe5 Nd7 24. Red5 Rb8 25. Nc3 Bxd5 26. exd5 Rg6 27. c5 Rxb4 28. d6+ Kd8 29. c6 Rb6 30. cxd7 Rbxd6 31. Rf1 Rxg2 32. Rxf7 Rxd7 33. Rf8+ Ke7 34. Rc8 Rxh2 35. Bxa6 Rdd2 36. Rc7+ Kd8 37. Rc8+ Kd7 38. Rc4 Rdg2 39. Bb5+ Kd6 40. Rc6+ Ke5 41. Rc5+ Kf4 42. Rc4+ Kg5 43. Ne4+ Kh6 44. Ba4 Rg1+ 45. Bd1 g6 46. Rc7 Ra2 47. Nc3 Rf2 48. Re7 Rgf1 49. Re4 Kg7 50. Ne2 Rf7 51. Kd2 h5 52. Bb3 Rf8 53. Bc4 Kh6 54. Bd3 R1f3 55. Rd4 R8f7 56. Be4 R3f6 57. Ke3 Rf8 58. Rc4 g5 59. Rc7 g4 60. Nd4 Re8 61. Rc5 g3 62. Rc7 Rxe4+ 63. Kxe4 g2 64. Ne2 h4 65. Ng1 Rf1 66. Ke3 Rxg1 67. Kf2 Ra1 1/2-1/2

[Event "World Open"]
[Site "Philadelphia, PA USA"]
[Date "1994.??.??"]
[Round "?"]
[White "Arbakov, Valentin"]
[Black "Khenkin, Igor"]
[Result "0-1"]
[WhiteElo "2575"]
[BlackElo "2555"]
[PlyCount "53"]
[EventDate "1994.06.??"]
[Source "www.chesslib.no"]
[SourceDate "2004.05.04"]

1. e4 c5 2. Nf3 d6 3. d4 cxd4 4. Nxd4 Nf6 5. Nc3 a6 6. Bg5 e6 7. f4 Qb6 8. Qd2 Qxb2 9. Nb3 Nc6 10. Rb1 Qa3 11. Bd3 Be7 12. O-O h6 13. Bh4 Nxe4 14. Bxe4 Bxh4 15. f5 exf5 16. Bxf5 Bxf5 17. Rxf5 O-O 18. Rbf1 Qb4 19. Kh1 Bg5 20. Qd3 Ne5 21. Qh3 Qg4 22. Qxg4 Nxg4 23. Nd5 g6 24. R5f3 Rac8 25. c3 Kg7 26. Nd4 Ne5 27. Rg3 0-1

[Event "Koszalin 73/306"]
[Site "?"]
[Date "1998.??.??"]
[Round "?"]
[White "Sulskis, Sarunas"]
[Black "Sutovskij, Emil"]
[Result "1-0"]
[WhiteElo "2555"]
[BlackElo "2575"]
[PlyCount "111"]
[EventDate "1998.??.??"]
[Source "ChessBase"]
[SourceDate "1998.06.01"]

1. e4 c5 2. Nf3 d6 3. d4 cxd4 4. Nxd4 Nf6 5. Nc3 a6 6. Bg5 e6 7. f4 Qb6 8. Qd2 Qxb2 9. Nb3 Qa3 10. Bxf6 gxf6 11. Be2 h5 12. O-O Nd7 13. Kh1 b6 14. Qd4 Nc5 15. Qxf6 Rh7 16. f5 Be7 17. Qd4 Bb7 18. fxe6 fxe6 19. Rab1 Rc8 20. e5 d5 21. Nxc5 Qxc5 22. Qd3 Rg7 23. Ne4 Qxc2 24. Nf6+ Kd8 25. Rxb6 Qxd3 26. Bxd3 Bc6 27. Rc1 Bd7 28. Rxc8+ Bxc8 29. Bxa6 Bxf6 30. exf6 Rc7 31. g4 Rc1+ 32. Kg2 Kc7 33. Rb2 Kd6 34. f7 Ke7 35. Rb8 Rc2+ 36. Kg3 Kxf7 37. Bxc8 hxg4 38. a4 d4 39. Ba6 e5 40. Kxg4 e4 41. Kf5 e3 42. Rb7+ Kf8 43. Rb1 Rxh2 44. Ke4 Ke7 45. Bb5 Rd2 46. a5 Kd6 47. a6 Kc5 48. Bd3 Ra2 49. Rc1+ Kb6 50. Kxd4 e2 51. Ke3 e1=Q+ 52. Rxe1 Rb2 53. Kd4 Rg2 54. Re6+ Ka7 55. Re7+ Kb6 56. Rb7+ 1-0

[Event "15. European Team Championship"]
[Site "?"]
[Date "2005.08.02"]
[Round "4.4"]
[White "Guseinov Gadir"]
[Black "Lupulescu Constantin"]
[Result "1-0"]
[WhiteElo "2585"]
[BlackElo "2542"]
[PlyCount "149"]
[EventDate "2005.??.??"]
[Source "www.chesslib.no"]
[SourceDate "2004.05.04"]

1. e4 c5 2. Nf3 d6 3. d4 cxd4 4. Nxd4 Nf6 5. Nc3 a6 6. Bg5 e6 7. f4 Qb6 8. Qd2 Qxb2 9. Nb3 Qa3 10. Bxf6 gxf6 11. Be2 Nc6 12. O-O Bd7 13. Kh1 Rc8 14. Nd1 Be7 15. Ne3 Qb4 16. c3 Qb6 17. Bh5 Na5 18. f5 Nxb3 19. axb3 Qxb3 20. c4 Qb6 21. fxe6 Bxe6 22. Nd5 Bxd5 23. exd5 Rxc4 24. Rae1 Qd4 25. Qh6 Kd8 26. Bxf7 Rf8 27. Bh5 Qd3 28. Be2 Qxd5 29. Bxc4 Qxc4 30. Qxh7 Qc7 31. Qf5 Qd7 32. Qa5+ Kc8 33. Rb1 f5 34. Rfc1+ Kb8 35. Qxa6 f4 36. Qa2 Bf6 37. Rc4 f3 38. gxf3 Qf7 39. Rbc1 Qh5 40. Rf4 Qh6 41. Qc4 Qg7 42. Qd5 Be5 43. Rxf8+ Qxf8 44. Rb1 Qg7 45. Qe4 Qf7 46. f4 Bc3 47. Qf3 Bg7 48. Qb3 Qc7 49. Qd5 Qe7 50. Rg1 Kc7 51. Qc4+ Kb6 52. Rd1 Bf6 53. Qd5 Kc7 54. Rc1+ Kb8 55. f5 Be5 56. Rf1 Qh4 57. Qg2 Qf6 58. Qg8+ Ka7 59. Rf2 Qh4 60. Qa2+ Kb8 61. Qg8+ Ka7 62. Qg2 Kb8 63. Rf1 Qh6 64. h3 Ka7 65. Qf3 Qf6 66. Rf2 Kb8 67. Kg2 d5 68. Qg4 Qd6 69. Qg8+ Kc7 70. Rc2+ Kb6 71. Qe6 Qxe6 72. fxe6 Bd6 73. h4 Kb5 74. h5 d4 75. h6 1-0

[Event "La Habana 82/238"]
[Site "?"]
[Date "2001.??.??"]
[Round "?"]
[White "Luther, Th"]
[Black "Dominguez, L."]
[Result "0-1"]
[WhiteElo "2568"]
[BlackElo "2556"]
[PlyCount "64"]
[EventDate "2001.??.??"]
[Source "Chess Informant"]
[SourceDate "2001.06.01"]

1. e4 c5 2. Nf3 d6 3. d4 cxd4 4. Nxd4 Nf6 5. Nc3 a6 6. Bg5 e6 7. f4 Qb6 8. a3 Nc6 9. Nb3 Be7 10. Qf3 h6 11. Bxf6 Bxf6 12. O-O-O Qc7 13. h4 Bd7 14. g4 O-O-O 15. Bg2 Kb8 16. g5 Be7 17. Qe3 Bc8 18. Kb1 g6 19. f5 hxg5 20. hxg5 Ne5 21. f6 Rxh1 22. Rxh1 Bf8 23. Bf1 d5 24. exd5 exd5 25. Bg2 d4 26. Nxd4 Nc4 27. Qd3 Nxb2 28. Kxb2 Qb6+ 29. Ncb5 axb5 30. Rd1 Ka8 31. Qe4 b4 32. Kc1 Bc5 0-1

[Event "Nova Gorica op 7th"]
[Site "Nova Gorica"]
[Date "2002.02.06"]
[Round "7"]
[White "Palac, Mladen"]
[Black "Zelcic, Robert"]
[Result "1/2-1/2"]
[WhiteElo "2580"]
[BlackElo "2544"]
[PlyCount "41"]
[EventDate "2002.01.12"]
[Source "ChessBase"]
[SourceDate "2002.03.14"]

1. e4 c5 2. Nf3 d6 3. d4 Nf6 4. Nc3 cxd4 5. Nxd4 a6 6. Bg5 e6 7. f4 Qb6 8. Qd2 Qxb2 9. Rb1 Qa3 10. f5 Nc6 11. fxe6 fxe6 12. Nxc6 bxc6 13. Be2 Be7 14. O-O O-O 15. Rb3 Qc5+ 16. Be3 Qe5 17. Bd4 Qa5 18. Bb6 Qe5 19. Bd4 Qa5 20. Bb6 Qe5 21. Bd4 1/2-1/2

[Event "54th ch-HUN"]
[Site "Budapest"]
[Date "2004.08.19"]
[Round "1.2"]
[White "Cao Sang"]
[Black "Ruck, Robert"]
[Result "0-1"]
[WhiteElo "2545"]
[BlackElo "2575"]
[PlyCount "156"]
[EventDate "2004.08.19"]
[Source "Roberto Alvarez"]
[SourceDate "2004.09.06"]

1. e4 c5 2. Nf3 d6 3. d4 cxd4 4. Nxd4 Nf6 5. Nc3 a6 6. Bg5 e6 7. f4 Qb6 8. Qd2 Qxb2 9. Nb3 Qa3 10. Bd3 Be7 11. O-O h6 12. Bxf6 Bxf6 13. e5 dxe5 14. Ne4 Nd7 15. f5 exf5 16. Rxf5 Be7 17. Qf2 Nf6 18. Nxf6+ Bxf6 19. Rxf6 gxf6 20. Qxf6 Rg8 21. Re1 Qe7 22. Rxe5 Be6 23. Qxh6 O-O-O 24. Qe3 Qd6 25. Bf1 Kb8 26. c4 Qd1 27. Qc3 Qb1 28. Re1 Qf5 29. Qb4 Rg5 30. h4 Rh5 31. Be2 Rxh4 32. Bf3 Bc8 33. Na5 Qb5 34. cxb5 Rxb4 35. bxa6 Ra4 36. Nxb7 Rf8 37. Rb1 Ka7 38. Nd6 Bxa6 39. Nb5+ Bxb5 40. Rxb5 Rxa2 41. Kh2 Ka6 42. Rb4 Ka5 43. Rb7 Ra4 44. Kg3 Rb4 45. Rxb4 Kxb4 46. Kf4 Rb8 47. Ke5 Rb6 48. Bd5 Rb5 49. Kd4 f6 50. g4 Rc5 51. Be4 Kb5 52. Ke3 Rg5 53. Bf5 Kc5 54. Kf4 Kd6 55. Ke4 Rg7 56. Kf4 Rb7 57. Bg6 Rb4+ 58. Kf5 Ke7 59. Bh7 Rb8 60. Kf4 Rb5 61. Bd3 Ra5 62. Bc2 Ra2 63. Bd3 Ra3 64. Bc2 Rc3 65. Bb1 Rc1 66. Bd3 Rd1 67. Be2 Rd2 68. Ba6 Rf2+ 69. Kg3 Ra2 70. Bb5 Rb2 71. Ba6 Ke6 72. Bc8+ Ke5 73. Bd7 Rb3+ 74. Kh4 Kf4 75. Bf5 Rb7 76. Kh5 Rg7 77. Be6 Kg3 78. Bc8 Rg5+ 0-1

[Event "ch-GRE"]
[Site "Igoumenitsa GRE"]
[Date "2007.12.04"]
[Round "4"]
[White "Nikolaidis, I."]
[Black "Banikas, H."]
[Result "1/2-1/2"]
[WhiteElo "2525"]
[BlackElo "2591"]
[PlyCount "39"]
[EventDate "2007.12.01"]
[Source "www.chesslib.no"]
[SourceDate "2004.05.04"]

1. e4 d6 2. Nf3 c5 3. Nc3 a6 4. d4 cxd4 5. Nxd4 Nf6 6. Bg5 e6 7. f4 Qb6 8. Qd2 Qxb2 9. Rb1 Qa3 10. f5 Nc6 11. fxe6 fxe6 12. Nxc6 bxc6 13. Be2 Be7 14. O-O O-O 15. Rb3 Qc5+ 16. Be3 Qe5 17. Bf4 Qc5+ 18. Be3 Qe5 19. Bd4 Qa5 20. Bb6 1/2-1/2

[Event "XXXII Open"]
[Site "Siviglia SPA"]
[Date "2007.01.11"]
[Round "5"]
[White "Spraggett, K."]
[Black "Komljenovic, D."]
[Result "1-0"]
[WhiteElo "2633"]
[BlackElo "2481"]
[PlyCount "41"]
[EventDate "2007.01.07"]
[Source "www.chesslib.no"]
[SourceDate "2004.05.04"]

1. e4 c5 2. Nf3 d6 3. d4 cxd4 4. Nxd4 Nf6 5. Nc3 a6 6. Bg5 e6 7. f4 Qb6 8. Qd2 Qxb2 9. Nb3 Nbd7 10. Bxf6 gxf6 11. Rb1 Qa3 12. Be2 b5 13. O-O Bb7 14. f5 Rc8 15. Bh5 Ke7 16. Rbd1 Ne5 17. fxe6 fxe6 18. Nb1 Nc4 19. Qf2 Qb2 20. Qa7 Rc7 21. Qb8 1-0